A határon túl átnyúló együttműködés hatásainak vizsgálata az Írottkő-Geschriebenstein Natúrpark példáján.

Bibliographic Details
Main Author: Nagy Ágnes
Other Authors: Petykó Dr. Csilla
Format: Thesis
Kulcsszavak:Határokon átnyúló együttműködés
Fenntartható turizmus
Natúrpark
Védett területek
Online Access:http://dolgozattar.uni-bge.hu/18360

MARC

LEADER 00000nta a2200000 i 4500
001 dolg18360
005 20190130142954.0
008 181127suuuu hu om 000 hun d
040 |a BGE Dolgozattár Repozitórium  |b hun 
041 |a hu 
100 1 |a Nagy Ágnes 
245 1 2 |a A határon túl átnyúló együttműködés hatásainak vizsgálata az Írottkő-Geschriebenstein Natúrpark példáján.  |c Nagy Ágnes  |h [elektronikus dokumentum] 
695 |a Határokon átnyúló együttműködés 
695 |a Fenntartható turizmus 
695 |a Natúrpark 
695 |a Védett területek 
700 1 |a Petykó Dr. Csilla  |e ths 
856 4 0 |u http://dolgozattar.uni-bge.hu/18360/1/Nagy%C3%81gnes_DUY8IR_BAt%C3%A1v.pdf  |z Dokumentum-elérés